000
00240nam a2200097Ia 4500
001
681219
005
20250826161356.0
008
250824s9999 xx 000 0 und d
245
0
_a
EYVAH KİTAP!
_c
MİNE SOYSAL
260
_b
GÜNIŞIĞI YAYINLARI
999
_c
681219
_d
681219